| 000 | 00423nam a22001457a 4500 | ||
|---|---|---|---|
| 005 | 20240108165225.0 | ||
| 008 | 190405b xxu||||| |||| 00| 0 eng d | ||
| 020 | _a978-93-87686-51-9 | ||
| 041 | _aeng | ||
| 100 |
_aSHIRKHEDKAR, DR.A.A. ,GHODKE,DR M.S,NIKALJE,DR. A.P, AND SURANA,DR. S.J _98335 |
||
| 245 | _aSYSTHESIS OF ESSENTIAL MEDICINAL COMPOUNDS | ||
| 260 |
_aPUNE, _bNIRALI PRAKASHAN |
||
| 300 | _aI.2 | ||
| 942 | _cBK | ||
| 999 |
_c5810 _d5808 |
||